000 00266 a2200121 4500
001 75553
082 _a629.13435 CFT
090 _c39122
_d39122
100 _aCFT
245 _aAero Engine (Precis)
_hEnglish
260 _aRisalpur
_bCFT
_c2001
300 _a138p
942 _aCAE NUST
_k629.13435 CFT
999 _c310626
_d310626